| 000 | 00614nam a2200193Ia 4500 | ||
|---|---|---|---|
| 008 | 200601s9999 xx 000 0 und d | ||
| 020 | _a978-621-406-206-5 | ||
| 050 | _aFIL G 155.P6 | ||
| 050 | _b.L44 2019 | ||
| 245 | 0 | _aLegal aspects in tourism & hospitality / | |
| 245 | 0 | _cMario H. Maranan, Jovid Maricar D. Maranan, Cristina N. Caluza, Kenneth Lloyd G. Dela Cruz. | |
| 260 | _aManila : | ||
| 260 | _bMindshapers, | ||
| 260 | _c2019 | ||
| 300 | _a218 pages : | ||
| 300 | _c25 cm. | ||
| 500 | _aIncludes bibliographical references. | ||
| 650 | _aTourist trade -- Laws and legislation -- Philippines. | ||
| 999 |
_c363176 _d363176 |
||